| 000 | 00733cam a2200253u 4500 | ||
|---|---|---|---|
| 999 |
_c71668 _d71668 |
||
| 001 | 7819083 | ||
| 003 | Nust | ||
| 005 | 20180702071007.0 | ||
| 008 | 821208s1932 nyu 000 0 eng | ||
| 010 | _a 33001231 | ||
| 020 |
_a0826477143 _cRs. 305 |
||
| 038 | _aArshad | ||
| 040 |
_aDLC _cCarP _dDLC |
||
| 050 | 0 | 0 |
_aHM216 _b.N5 |
| 082 |
_a301 _bNIE |
||
| 100 | 1 |
_aNiebuhr, Reinhold, _d1892-1971. _911345 |
|
| 245 | 1 | 0 |
_aMoral man and immoral society; _ba study in ethics and politics, |
| 260 |
_aNew York, _aLondon, _bC. Scribner's sons, _c1932. |
||
| 300 |
_a186p., _c21 cm. |
||
| 650 | 0 |
_aSocial ethics. _911346 |
|
| 650 | 0 |
_aPolitical ethics. _911347 |
|
| 906 |
_a0 _bcbc _cpremunv _du _encip _f19 _gy-gencatlg |
||
| 942 |
_2ddc _cBK |
||